[Event "AUTO-ELITE-2578"]
[Site "http://www.queenalice.com/game.php?id=1862572"]
[Date "2025.9.5"]
[Round "2"]
[White "GUKI"]
[Black "Sexxy_Bunny"]
[Result "1/2-1/2"]
[WhiteElo "2437"]
[BlackElo "2687"]

1. e4 c5 2. Nf3 d6 3. d4 cxd4 4. Nxd4 Nf6 5. Nc3 a6 6. Bd3 e5 7. Nde2 Be7 8. O-O
O-O 9. Ng3 Be6 10. Nd5 Bxd5 11. exd5 g6 12. c4 Nbd7 13. Kh1 Re8 14. f3 Bf8 15.
Rb1 e4 16. Bxe4 b5 17. Bd3 Rb8 18. b3 Qa5 19. Qc2 Rec8 20. Bd2 Qb6 21. Bg5 bxc4
22. bxc4 Qc5 23. Rxb8 Rxb8 24. Rd1 Bg7 25. Bf1 h6 26. Bf4 Rb4 27. Bd2 Rb8 28.
Rb1 Rxb1 29. Qxb1 Ne5 30. Qc1 h5 31. Be2 Ned7 32. Nf1 Qf2 33. Ng3 Qb6 34. Bf1
Ne5 35. Be2 Ned7 36. Bf1 Nc5 37. Qc2 Nfd7 38. Ne2 Nb7 39. Be1 Ne5 40. Nc3 Nc5
41. Bd2 Qd8 42. Nd1 Qf6 43. Be2 Ned7 44. g3 Qa1 45. Kg2 Bd4 46. Bf4 Ne5 47. Bg5
Kf8 48. Bh6+ Kg8 49. Bg5 Kf8 50. Qd2 Ned7 51. Bf4 Ne5 52. Bg5 Ned7 53. Bf4 Ne5
54. Bh6+ Kg8 55. Bg5 Ned7 56. Qc2 Kf8 57. Bh6+ Kg8 58. Kf1 Ne5 59. Bc1 Ned7 60.
Kg2 Kh7 61. Bf4 Ne5 62. Bg5 Ned7 63. Be7 Nb7 64. Bg5 Nbc5 65. Bf4 Ne5 66. Bc1
Ned7 67. Bg5 1/2-1/2

[Event "AUTO-MASTER-3255"]
[Site "http://www.queenalice.com/game.php?id=1866409"]
[Date "2025.12.1"]
[Round "2"]
[White "cerenzo72"]
[Black "GUKI"]
[Result "0-1"]
[WhiteElo "2160"]
[BlackElo "2420"]

1. c4 e5 2. Nc3 Nf6 3. e4 Bc5 4. Nf3 d6 5. Be2 Bg4 6. O-O Bxf3 7. Bxf3 Nc6 8. a3
a5 9. d3 Nd4 10. Be3 c6 11. Bg5 Ne6 12. Bh4 g5 13. Bg3 h5 14. h4 g4 15. Be2 Nd7
16. Rb1 Ndf8 17. Kh2 Ng6 18. b4 axb4 19. axb4 Bd4 20. Qe1 Nxh4 21. Rh1 Ng6 22.
Kg1 h4 23. Bh2 g3 24. Bxg3 hxg3 25. Rxh8+ Nxh8 26. Nd1 Qh4 0-1

[Event "AUTO-MASTER-3255"]
[Site "http://www.queenalice.com/game.php?id=1866410"]
[Date "2025.12.1"]
[Round "2"]
[White "GUKI"]
[Black "cerenzo72"]
[Result "1-0"]
[WhiteElo "2423"]
[BlackElo "2163"]

1. e4 e5 2. Nf3 d6 3. d4 exd4 4. Nxd4 Nf6 5. Nc3 Be7 6. Bf4 O-O 7. Qd2 Bd7 8.
O-O-O Nc6 9. f3 Nxd4 10. Qxd4 Nh5 11. Be3 c5 12. Qd2 Bc6 13. g4 Nf6 14. g5 Nd7
15. h4 Ne5 16. f4 Ng4 17. Rg1 Nxe3 18. Qxe3 Qd7 19. f5 f6 20. Bc4+ Kh8 21. Be6
Qc7 22. Ne2 Qa5 23. Nf4 Qb4 24. h5 fxg5 25. Ng6+ hxg6 26. hxg6 Bxe4 27. Qh3# 1-0

[Event "AUTO-ELITE-2573"]
[Site "http://www.queenalice.com/game.php?id=1867401"]
[Date "2025.12.28"]
[Round "2"]
[White "GUKI"]
[Black "Sexxy_Bunny"]
[Result "1/2-1/2"]
[WhiteElo "2432"]
[BlackElo "2660"]

1. e4 e6 2. d4 d5 3. Nc3 Bb4 4. e5 c5 5. a3 Bxc3+ 6. bxc3 Ne7 7. Qg4 Qc7 8. Qxg7
Rg8 9. Qxh7 cxd4 10. Ne2 Nbc6 11. f4 dxc3 12. Nxc3 Nd4 13. Bb2 Bd7 14. O-O-O Qb6
15. Qd3 Ndf5 16. g3 Rc8 17. Rd2 Ne3 18. Qd4 Qxd4 19. Rxd4 N7f5 20. Rd2 Rh8 21.
Rg1 a6 22. Bd3 Nd4 23. Re1 Nf3 24. Rxe3 Nxd2 25. Kxd2 d4 26. Re2 dxc3+ 27. Bxc3
Rh3 28. Bb4 Bb5 29. Bxb5+ axb5 30. Ke1 f5 31. exf6 Kf7 32. Kf1 Kxf6 33. Kg2 Rh5
34. Bd6 Rd5 35. Be5+ Kf7 36. h4 Rcd8 37. Kh3 Rd2 38. Re3 Rxc2 39. Rb3 Rd5 40. h5
Rcd2 41. Rc3 R5d3 42. Rc7+ Rd7 43. Rc5 R7d5 44. Rc7+ Rd7 45. Rc5 R2d5 46. Rc3
Rd3 47. Rc5 R3d5 48. Rc3 Rd3 49. Rc5 R3d5 1/2-1/2

[Event "AUTO-ELITE-2573"]
[Site "http://www.queenalice.com/game.php?id=1867402"]
[Date "2025.12.28"]
[Round "2"]
[White "Sexxy_Bunny"]
[Black "GUKI"]
[Result "1/2-1/2"]
[WhiteElo "2665"]
[BlackElo "2429"]

1. e4 c5 2. Nf3 d6 3. d4 cxd4 4. Nxd4 Nf6 5. Nc3 a6 6. Be3 e5 7. Nb3 Be6 8. f3
h5 9. Qd2 Nbd7 10. Nd5 Bxd5 11. exd5 g6 12. Be2 Bg7 13. O-O b6 14. c4 O-O 15.
Rae1 a5 16. Na1 h4 17. Nc2 Nh5 18. Na3 Nf4 19. Nb5 Nc5 20. Kh1 h3 21. Bxf4 exf4
22. Qxf4 hxg2+ 23. Kxg2 Qe7 24. Kh1 Rad8 25. b3 Rfe8 26. Qg3 Qe3 27. f4 Qd2 28.
Bg4 Rxe1 29. Qxe1 Qxa2 30. Qe7 Rf8 31. Nxd6 Qb2 32. Ne8 Qxb3 33. d6 Qxc4 34. Kg2
a4 35. d7 Nxd7 36. Nxg7 Kxg7 37. Qxd7 a3 38. Bf3 a2 39. Qd1 Rc8 40. Rf2 Kh7 41.
Qa1 Qxf4 42. Qxa2 Qg5+ 43. Kh3 Qh6+ 44. Kg3 Qg5+ 45. Kh3 Qh6+ 46. Kg2 Qg5+ 47.
Kh3 1/2-1/2

[Event "AUTO-OPEN-4576"]
[Site "http://www.queenalice.com/game.php?id=1867483"]
[Date "2025.12.31"]
[Round "3"]
[White "GUKI"]
[Black "josebaron"]
[Result "1-0"]
[WhiteElo "2426"]
[BlackElo "2179"]

1. e4 e5 2. Nf3 Nc6 3. d4 exd4 4. Nxd4 d6 5. Nc3 Nxd4 6. Qxd4 Nf6 7. Bf4 Be7 8.
O-O-O O-O 9. f3 Be6 10. Kb1 c5 11. Qf2 Qa5 12. Bxd6 Bxd6 13. Rxd6 Rad8 14. Rxd8
Rxd8 15. Be2 a6 16. Rd1 Rxd1+ 17. Bxd1 h6 18. f4 Nxe4 19. Nxe4 Qxa2+ 20. Kc1
Qa1+ 21. Kd2 Qxb2 22. Qxc5 b6 23. Qd6 b5 24. Nc5 Qa3 25. Qd8+ Kh7 26. Nxe6 fxe6
27. c3 1-0

[Event "AUTO-OPEN-4576"]
[Site "http://www.queenalice.com/game.php?id=1867484"]
[Date "2025.12.31"]
[Round "3"]
[White "josebaron"]
[Black "GUKI"]
[Result "0-1"]
[WhiteElo "2190"]
[BlackElo "2442"]

1. e4 c5 2. Nf3 Nc6 3. Nc3 e5 4. Bc4 Be7 5. Nd5 Nf6 6. Nxf6+ Bxf6 7. O-O d6 8.
d3 O-O 9. h3 Qe7 10. c3 Be6 11. Bxe6 Qxe6 12. Ng5 Bxg5 13. Bxg5 h6 14. Be3 b6
15. f4 exf4 16. Bxf4 d5 17. exd5 Qxd5 18. Qg4 Kh7 19. Qf3 Rad8 20. Rad1 g5 21.
Bg3 Qxf3 22. Rxf3 f5 23. Rff1 Rf6 24. Bh2 Kg6 25. a3 Re6 26. b4 Re3 27. Rfe1
Rxe1+ 28. Rxe1 Kf7 29. bxc5 bxc5 30. d4 cxd4 31. cxd4 Nxd4 32. Bc7 Rd7 33. Ba5
f4 34. Re5 Kf6 35. Re8 Nf5 36. Bc3+ Kf7 37. Re5 Rd1+ 38. Kf2 Kg6 39. Re6+ Kh5
40. Bb4 Ng3 41. Re1 Rd5 42. Re6 a5 43. Bf8 Nf5 44. Kg1 Rd1+ 45. Kf2 Rd2+ 46. Kg1
Kh4 47. Kh2 f3 0-1